| 000 | 00702nam a2200253 a 4500 | ||
|---|---|---|---|
| 001 | 39168 | ||
| 003 | AR-BaAGN | ||
| 005 | 20231116150803.0 | ||
| 007 | ta | ||
| 008 | 220625s2006 ag |||||r|||| ||||||spa d | ||
| 020 | _a987-558-095-3 | ||
| 040 |
_dAR-BaAGN _aAR-BaAGN _bspa _eaacr |
||
| 100 | 1 | _aBuch, Alfonso | |
| 245 | 1 | 0 |
_aForma y función de un sujeto moderno : _bBernardo Houssay la fisiología argentina 1900-1943 |
| 250 | _a1ª ed. | ||
| 260 |
_aBernal : _bUniversidad Nacional de Quilmes, _c2006. |
||
| 300 | _a496 páginas | ||
| 336 |
_2rdacontent _btxt |
||
| 337 |
_2rdamedia _bn |
||
| 338 |
_2rdacarrier _bnc |
||
| 942 | _cLIBRO | ||
| 999 |
_c39168 _d39168 |
||